Review of Medical Physiology (Record no. 446)

MARC details
000 -LEADER
fixed length control field 00584nam a2200217 4500
003 - CONTROL NUMBER IDENTIFIER
control field OSt
005 - DATE AND TIME OF LATEST TRANSACTION
control field 20160921141616.0
008 - FIXED-LENGTH DATA ELEMENTS--GENERAL INFORMATION
fixed length control field 140730b xxu||||| |||| 00| 0 eng d
020 ## - INTERNATIONAL STANDARD BOOK NUMBER
International Standard Book Number 0071440402
040 ## - CATALOGING SOURCE
Transcribing agency DDC
082 ## - DEWEY DECIMAL CLASSIFICATION NUMBER
Classification number QT 4 G157r 2005
100 ## - MAIN ENTRY--PERSONAL NAME
Personal name Ganong, William F.
9 (RLIN) 795
245 ## - TITLE STATEMENT
Title Review of Medical Physiology
250 ## - EDITION STATEMENT
Edition statement 22nd. ed.
260 ## - PUBLICATION, DISTRIBUTION, ETC. (IMPRINT)
Place of publication, distribution, etc. Boston:
Name of publisher, distributor, etc. McGraw Hill;
Date of publication, distribution, etc. 2005.
300 ## - PHYSICAL DESCRIPTION
Extent xii, 912 p ;
Other physical details col.ill :
Dimensions 25 cm.
504 ## - BIBLIOGRAPHY, ETC. NOTE
Bibliography, etc includes index and appendix
650 ## - SUBJECT ADDED ENTRY--TOPICAL TERM
Topical term or geographic name as entry element Medical Physiology
9 (RLIN) 215
650 ## - SUBJECT ADDED ENTRY--TOPICAL TERM
Topical term or geographic name as entry element Physiology Review
9 (RLIN) 11082
942 ## - ADDED ENTRY ELEMENTS (KOHA)
Source of classification or shelving scheme Other/Generic Classification Scheme
Koha item type Short Loan
Holdings
Withdrawn status Lost status Source of classification or shelving scheme Damaged status Not for loan Home library Current library Date acquired Source of acquisition Inventory number Total Checkouts Full call number Barcode Date last seen Koha item type
    Other/Generic Classification Scheme     MUST Main Library MUST Main Library 18/09/2014   06/27624   QT 4 G157r 2005 2014-2813 18/09/2014 Short Loan
    Other/Generic Classification Scheme     MUST Main Library MUST Main Library 18/09/2014   06/27609   QT 4 G157r 2005 2014-2814 18/09/2014 Short Loan
    Other/Generic Classification Scheme     MUST Main Library MUST Main Library 18/09/2014   06/27625   QT 4 G157r 2005 2014-2815 18/09/2014 Short Loan
    Other/Generic Classification Scheme     MUST Main Library MUST Main Library 21/09/2016 Purchase 06/27608   QT 4 G157r 2005 2016-4421 21/09/2016 Book Bank
    Other/Generic Classification Scheme     MUST Main Library MUST Main Library 21/09/2016   06/27610   QT 4 G157r 2005 2016-4422 21/09/2016 Book Bank
    Other/Generic Classification Scheme     MUST Main Library MUST Main Library 21/09/2016   06/27611   QT 4 G157r 2005 2016-4423 21/09/2016 Book Bank
    Other/Generic Classification Scheme     MUST Main Library MUST Main Library 21/09/2016   06/27612   QT 4 G157r 2005 2016-4424 21/09/2016 Book Bank
    Other/Generic Classification Scheme     MUST Main Library MUST Main Library 21/09/2016   06/27615   QT 4 G157r 2005 2016-4425 21/09/2016 Book Bank
    Other/Generic Classification Scheme     MUST Main Library MUST Main Library 21/09/2016   06/27616   QT 4 G157r 2005 2016-4426 21/09/2016 Book Bank
    Other/Generic Classification Scheme     MUST Main Library MUST Main Library 21/09/2016   06/27619   QT 4 G157r 2005 2016-4427 21/09/2016 Book Bank
    Other/Generic Classification Scheme     MUST Main Library MUST Main Library 21/09/2016   06/27618   QT 4 G157r 2005 2016-4428 21/09/2016 Book Bank
    Other/Generic Classification Scheme     MUST Main Library MUST Main Library 21/09/2016   06/27620   QT 4 G157r 2005 2016-4429 21/09/2016 Book Bank
    Other/Generic Classification Scheme     MUST Main Library MUST Main Library 21/09/2016   06/27623   QT 4 G157r 2005 2016-4430 21/09/2016 Book Bank